Statistics for AFL Biggest Brutes & Fighters

Click here to take the quiz!

General Stats

  • This quiz has been taken 60 times
  • The average score is 3 of 18

Answer Stats

TeamBrute/Fighter% Correct
FootscrayBarry Hall
75%
GWSToby Greene
36%
SydneyTony Lockett
30%
BrisbaneJonathan Brown
27%
AdelaideWayne Carey
18%
HawthornLeigh Matthews
11%
MelbourneMark Jackson
11%
Nth MelbourneGlenn Archer
9%
Port AdelaideKane Cornes
9%
EssendonTim Watson
9%
Gold CoastBrandon Matera
7%
CollingwoodDarren Millane
5%
CarltonGreg Williams
5%
RichmondJack Dyer
5%
GeelongMatthew Scarlett
5%
St KildaRobbie Muir
5%
FremantleDale Kickett
2%
West CoastChris Lewis
0%

Score Distribution

Percentile by Number Answered

Percent of People with Each Score

Your Score History

You have not taken this quiz